Bosquejo geológico de la provincia de Cádiz / (Record no. 189365)

MARC details
000 -LEADER
campo de control de longitud fija 00737nam a2200157 i 4500
001 - NÚMERO DE CONTROL
campo de control 189365
003 - IDENTIFICADOR DE NÚMERO DE CONTROL
campo de control ES-MaACL
005 - FECHA Y HORA DE LA ÚLTIMA TRANSACCIÓN
campo de control 20230906223446.0
008 - DATOS DE LONGITUD FIJA--INFORMACIÓN GENERAL
campo de control de longitud fija 190527s1873 sp |||| | spa d
100 1# - ENTRADA PRINCIPAL--NOMBRE DE PERSONA
Nombre de persona Mac-Pherson, J. (
Fechas asociadas al nombre 1839-1902)
9 (RLIN) 75045
245 10 - MENCIÓN DEL TÍTULO
Título Bosquejo geológico de la provincia de Cádiz /
Mención de responsabilidad, etc. por J. Mac-Pherson.
260 ## - PUBLICACIÓN, DISTRIBUCIÓN, ETC.
Lugar de publicación, distribución, etc. Cádiz :
Nombre del editor, distribuidor, etc. [s.n.],
Fecha de publicación, distribución, etc. 1873 (
Fabricante Imp. de la Revista Médica)
300 ## - DESCRIPCIÓN FÍSICA
Extensión 156 p.,[4] h. pleg. de lám., [2] h. pleg. de mapas ;
Dimensiones 23 cm.
650 #4 - PUNTO DE ACCESO ADICIONAL DE MATERIA--TÉRMINO DE MATERIA
Término de materia o nombre geográfico como elemento de entrada Geología-
Subdivisión geográfica Cádiz (Provincia)
9 (RLIN) 167123
852 ## - LOCALIZACIÓN
Ubicación ES-MaACL
Número de control de estantería B-8927(1)
Nota libre .- Legado de Federico de Botella y de Hornos .- Encuadernado en un vol. facticio agrupado con el nombre en el lomo: España, geología, memorias y documentos varios 41 al 56
Holdings
Estatus retirado Estado de pérdida Estado de daño No para préstamo Colección Biblioteca de origen Biblioteca actual Ubicación en estantería Fecha de adquisición Fuente de adquisición Total de préstamos Signatura topográfica completa Código de barras Visto por última vez Precio de reemplazo Tipo de ítem Koha
        Libros del s. XIX Biblioteca del Ateneo de Madrid Biblioteca del Ateneo de Madrid Sala Pardo Bazán 27/05/2019     B-8927(1) 1200633 23/02/2023 23/02/2023 Libro impreso antiguo